| 000 | 00926nam0a22002531 4500 | ||
|---|---|---|---|
| 001 | rc\138151 | ||
| 005 | 20250620203745.0 | ||
| 010 |
_a5-7230-0243-0 _910000 |
||
| 035 | _a(NLR Aleph) 005410467 | ||
| 090 |
_a7368411 _c7368411 |
||
| 100 | _a20030307d1994 |||y0rusy50 ca | ||
| 101 | 0 | _arus | |
| 102 | _aRU | ||
| 105 | _aa ||||||||| | ||
| 200 | 1 |
_aКапуста на приусадебном участке _eВыращивание, перераб. и хранение, семеноводство _fЗ.Г. Аверченкова, С.В. Авилова, И.А. Прохоров, В.А. Скачко |
|
| 210 |
_aМ. _cИзд-во МСХА _d1994 |
||
| 215 |
_a63, [1] с. _cил. _d20 |
||
| 320 | _aБиблиогр.: с. 63-64 | ||
| 701 | 1 |
_aАверченкова _bЗ.Г. _gЗинаида Георгиевна |
|
| 801 | 0 |
_aRU _bNLR _gpsbo |
|
| 801 | 1 |
_aRU _bELAR _2rusmarc |
|
| 852 |
_aNLR _j94-4/1698 |
||
| 942 | _cBOOK | ||
| 980 | _aNB | ||